00585 2200169 4500001002100000005001700021008004100038035002500079090001700104110006500121245006200186260008200248300002000330650003500350850001200385999001800397YOGYA-0209000004218420150415132834.0 ind  a0010-020900000042184 aRT 328 Ind H aINDONESIA. Direktorat Jenderal Pemerintah dan Otonomi daerah aHimpunan Peraturan tentang Dewan Perwakilan Rakyat Daerah aYogyakartabDirektorat Jenderal Pemerintahan dan Otonomi Daerah (PUOD)c[s.a] a54 hlm.c23 cm. aDewan Perwakilan Rakyat Daerah aYOPDYOG a23066-PD/A.07